<?xml version="1.0" encoding="UTF-8"?>
<record
    xmlns:xsi="http://www.w3.org/2001/XMLSchema-instance"
    xsi:schemaLocation="http://www.loc.gov/MARC21/slim http://www.loc.gov/standards/marcxml/schema/MARC21slim.xsd"
    xmlns="http://www.loc.gov/MARC21/slim">

  <leader>00630cam a2200181Ii 4500</leader>
  <datafield tag="020" ind1=" " ind2=" ">
    <subfield code="a">9786047731213</subfield>
  </datafield>
  <datafield tag="020" ind1=" " ind2=" ">
    <subfield code="a">604773121X</subfield>
  </datafield>
  <datafield tag="040" ind1=" " ind2=" ">
    <subfield code="c">ORX</subfield>
  </datafield>
  <datafield tag="041" ind1="1" ind2=" ">
    <subfield code="h">eng</subfield>
  </datafield>
  <datafield tag="082" ind1="0" ind2="4">
    <subfield code="a">658 ROY 2002 C165 Or.</subfield>
  </datafield>
  <datafield tag="100" ind1="1" ind2=" ">
    <subfield code="a">Krames, Jeffrey A.</subfield>
  </datafield>
  <datafield tag="245" ind1="1" ind2="0">
    <subfield code="a">L&#xE3;nh &#x111;&#x1EA1;o b&#x1EB1;ng s&#x1EF1; khi&#xEA;m nh&#x1B0;&#x1EDD;ng :</subfield>
    <subfield code="b">12 b&#xE0;i h&#x1ECD;c l&#xE3;nh &#x111;&#x1EA1;o t&#x1EEB; Gi&#xE1;o ho&#xE0;ng Francis /</subfield>
  </datafield>
  <datafield tag="300" ind1=" " ind2=" ">
    <subfield code="a">195 pages ;</subfield>
    <subfield code="c">19 cm</subfield>
  </datafield>
  <datafield tag="520" ind1=" " ind2=" ">
    <subfield code="a">Collects twelve lessons in leadership from Pope Francis, that provides readers with a way to become compassionate, authentic, and effective leaders.</subfield>
  </datafield>
  <datafield tag="650" ind1=" " ind2="0">
    <subfield code="a">Leadership</subfield>
  </datafield>
  <datafield tag="700" ind1="1" ind2=" ">
    <subfield code="a">Ph&#x1EA1;m, Ph&#x1B0;&#x1A1;ng Th&#x1EA3;o</subfield>
  </datafield>
  <datafield tag="942" ind1=" " ind2=" ">
    <subfield code="c">AEDBB</subfield>
  </datafield>
  <datafield tag="999" ind1=" " ind2=" ">
    <subfield code="c">19317</subfield>
    <subfield code="d">19317</subfield>
  </datafield>
  <datafield tag="952" ind1=" " ind2=" ">
    <subfield code="0">0</subfield>
    <subfield code="1">0</subfield>
    <subfield code="4">0</subfield>
    <subfield code="6">658_000000000000000_ROY_2002_C165_OR</subfield>
    <subfield code="7">0</subfield>
    <subfield code="9">84647</subfield>
    <subfield code="a">LBC</subfield>
    <subfield code="b">LBC</subfield>
    <subfield code="c">C165</subfield>
    <subfield code="d">2020-09-22</subfield>
    <subfield code="e">A39058</subfield>
    <subfield code="o">658 ROY 2002 C165 Or.</subfield>
    <subfield code="r">2020-09-22</subfield>
    <subfield code="w">2020-09-22</subfield>
    <subfield code="y">EK</subfield>
  </datafield>
</record>
